A MENTAL health treatment program for inmates in restrictive housing stepping up, stepping out

Guardat en:
Dades bibliogràfiques
Format: Llibre
Idioma:anglès
Publicat: Routledge 2020
Etiquetes: Afegir etiqueta
Sense etiquetes, Sigues el primer a etiquetar aquest registre!

MARC

LEADER 00000nam a22000007a 4500
008 230821b |||||||| |||| 00| 0 eng d
020 |a 9781138745117 
245 |a A MENTAL health treatment program for inmates in restrictive housing  |b stepping up, stepping out  |c /Ashley B. Batastini...(et al).  |g x, 239p ;ill 
250 |c Batastini,/Ashley B 
250 |c Mills,Jeremy F. 
250 |c Kroner, Daryl G. 
250 |c Morgan, Robert D. 
260 |b Routledge  |c 2020  |h New York  |i 700232  |i 700233  |l RC451.4.M52  |m Mental Disorders- therapy  |m Prisoners - psychology  |m Criminal behavior 
500 |a it includes index 
942 |a lcc  |c BK  |e Johnson  |f 21/08/23 
952 |0 0  |1 0  |2 lcc  |4 0  |6 RC04514 M52  |7 0  |9 4402  |a HE  |b HOL  |c QZ  |d 2023-08-21  |l 0  |o RC451.4.M52  |p 2023-0326  |r 2023-08-21 00:00:00  |t 700232  |w 2023-08-21  |y BK 
952 |0 0  |1 0  |2 lcc  |4 0  |6 RC04514 M52  |7 0  |9 4403  |a HOL  |b HOL  |c QZ  |d 2023-08-21  |l 0  |o RC451.4.M52  |p 2023-0327  |r 2023-08-21 00:00:00  |t 700232  |w 2023-08-21  |y BK 
999 |c 2209  |d 2209